Who's Worth More? Quiz Stats

 Plays Quiz Updated Oct 12, 2018

Challenge
Share
Tweet
Embed
Score 0/24 Timer 05:00
0 Plays Today
Person 1 Who's Worth More? % Correct
Brad Pitt???
94.6%
JK Rowling???
94.2%
Rupert Grint???
90.7%
Michael Phelps???
89.8%
Bill Gates???
84%
Barbra Streisand???
83.3%
Serena Williams???
83%
Mandy Moore???
82.9%
Lady Gaga???
82.4%
Michael Jordan???
80.2%
The Rock???
79.5%
Tim Burton???
75.3%
Person 1 Who's Worth More? % Correct
Joe Biden???
73%
Martin Sheen???
71.2%
Celine Dion???
71.1%
Hu Jintao???
66.4%
George W. Bush???
65.4%
Molly Ringwald???
59.2%
Jesse Eisenberg???
58.7%
Seth MacFarlane???
48.6%
Mark Hamill???
43.2%
Mike Myers???
42.6%
Keira Knightley???
36.9%
50 Cent???
29.6%

You're not logged in!

Compare scores with friends on all Sporcle quizzes.
OR
Log In

You Might Also Like...

Show Comments

Extras

Top Quizzes Today


Score Distribution

Your Account Isn't Verified!

In order to create a playlist on Sporcle, you need to verify the email address you used during registration. Go to your Sporcle Settings to finish the process.

Report this User

Report this user for behavior that violates our Community Guidelines.

Details: